[Event "Moscow Aeroflot op-A"]
[Site "Moscow"]
[Date "2004.02.19"]
[Round "3"]
[White "Sasikiran, Krishnan"]
[Black "Korotylev, Alexey"]
[Result "1-0"]
[WhiteElo "2654"]
[BlackElo "2547"]
[Annotator "Golod,V"]
[PlyCount "87"]
[EventDate "2004.02.17"]
[EventType "swiss"]
[EventRounds "9"]
[EventCountry "RUS"]
[SourceTitle "CBM 100"]
[Source "ChessBase"]
[SourceDate "2004.06.01"]
[SourceVersion "1"]
[SourceVersionDate "2004.06.01"]
[SourceQuality "1"]

1. d4 {Kortschnoj} Nf6 2. c4 e6 3. Nc3 Bb4 4. Qc2 O-O 5. a3 Bxc3+ 6. Qxc3 b6 7.
Bg5 Bb7 8. f3 h6 9. Bh4 d5 10. e3 Nbd7 11. Nh3 (11. cxd5 $5 {It's main line.
See comments to Kramnik,V-Naiditsch,A/Dortmund,2003/CBM 97(1/2-1/2)(Golod,V)
(89)}) 11... c5 {Besides,in this position Black has another main alternative:}
(11... Rc8 $5 {You can see my annotations to game: Elbilia,J-Gershon,A/Bermuda,
1999/CBM 69(1/2-1/2)(43)}) 12. cxd5 Nxd5 ({Is a possible continuations of the
play:} 12... cxd4 $5 {You can see comments to Bareev,E-Kramnik,V/Novgorod,1997/
CBM 60(1/2-1/2)(Tsesarsky,I)(23)}) 13. Bxd8 Nxc3 14. Be7 ({Leads to favourable
simplifications for Black:} 14. Bxb6 $6 axb6 15. bxc3 Ra5 $1 16. Kd2 Rfa8 $11 {
[%csl Ra3] Kahn,E-Palkovi,J/Helsinki,1990(1/2-1/2)(62)}) 14... Rfe8 15. Bh4 Nd5
$8 16. Bb5 {[%csl Rd7,Re8]} g5 17. Bf2 {Also once were checked in the
preceding games: Kortschnoj: 'All this is well known already 15 years or
longer. First black played here Red8; after 18.e4 Nf6 19.dc Nc5 20.Bc5 bc
white has had some advantage, due to the week pawn c5. But most games ended as
draws. Still, black was looking for more active play...'} (17. Bxd7 $5 {
You can see annotations to game: Khenkin,I-Ulibin,M/Minsk,1990/CBM 17(Ftacnik,
L)(1-0)(43)}) ({and} 17. Bg3) 17... N5f6 {'!?' Kortschnoj. From my point of
view,this move is much worse,than:} (17... Red8 $5 {You can see my annotations
to game: Gagunashvili,M-Li Wenliang/Groningen,2003/CBM 99(1-0)(54)}) 18. dxc5 (
18. e4 $143 Rec8 (18... cxd4 $5 19. Bxd4 $140 e5 20. Be3 Rac8 {<->c}) 19. O-O
a6 20. Be2 e5 21. d5 g4 22. fxg4 Nxe4 23. Be3 $13 {Lev,R-Elbilia,J/Kfar Sava,
1993(1-0)(31)}) 18... Rec8 {Kortschnoj: 'An excellent defender, M. Adams,
played here 18...bxc5. The last black move in fact is a trap - if now 19.cxb6
then 19...g4 with advantage for black (the immediate 18...g4 would fail
because of 19.c6).'} (18... bxc5 $143 19. O-O-O (19. e4 $5 Rec8 20. Rc1 e5 21.
Be3 Nf8 $2 (21... Rab8 $5 {[%csl Rb2,Rb5]}) 22. Nf2 $16 {[%csl Rc5,Re5][%cal
Gf2d3] Chigladze,I-Urushadze,D/Batumi,2002(1-0)(32)}) 19... Re7 20. Bg3 $14 {
You can see comments to Gurevich,M-Adams,M/Reykjavik,1990/CBM 18(1/2-1/2)
(Ftacnik,L)(39)}) 19. e4 $5 $146 {'!' Kortschnoj.} (19. cxb6 $5 axb6 20. e4 Rc2
21. Bd4 $1 (21. Rb1 $5 {[%cal Gb5d3]}) 21... Rxg2 $140 $6 22. Nf2 {[%csl Rg2]
[%cal Ge1f1]} g4 23. Bxd7 Nxd7 24. Nxg4 $16 {Dreev,A-Levitt,L/Reykjavik Summit,
1990(1-0)(51)}) 19... Nxc5 20. Rd1 {'+/=' Kortschnoj.} Bc6 $6 {This exchange
looks very logical,however in this position more important thing,is preventing
transfer of White's bishop to the long diagonal.} (20... Ba6 $143 21. Bxa6 Nxa6
22. Bd4 Kg7 (22... Nd7 $143 23. Nf2 {[%cal Yf2g4,Yg4f6]} f6 24. Ng4 Kg7 25. h4
$16 {[%csl Ra6] White is dominating all over the board.}) 23. Nf2 Kg6 24. h4
Rc2 $140 25. h5+ $1 Nxh5 26. Ng4 {[%csl Rh5][%cal Gg4e5,Yg6h5]} f6 27. Bxf6
Rxg2 28. Bc3 {[%csl Rh5][%cal Gg4e5]} Rxg4 $8 29. fxg4 Ng3 30. Rh3 Nxe4 31. Be5
$16) (20... a6 21. Be2 $14 {[%csl Rb6][%cal Yf2d4] and 21...e5 you can see in
comments to 20...e5}) (20... Nb3 $5 {[%csl Rb2][%cal Yb3d4,Gc8c2] Very logical
move, Black's idea is to prevent a occurrence of White's bishop on the /^a1-h8.
} 21. Ba4 (21. Bg3 {[%csl Re5][%cal Gg3e5]} Nh5 $1 22. Bd6 ({very dubiously:} 
22. Be5 $2 {in view of:} Rc5 {[%csl Rb5,Re5]} 23. Ba4 {[%csl Rb3][%cal Ga4b3]}
Rxe5 24. Bxb3 Rb5 25. Rd3 g4 26. fxg4 Nf6 $15 {[%csl Re4,Rg4]}) 22... Rc2 23.
O-O Rxb2 24. Rf2 Rxf2 25. Nxf2 $44 {White has a strong counterplay for a pawn,
but I can't believe that is something that can provide an advantage to him.})
21... Nc5 22. Bc2 (22. Bb5 Nb3 $11) 22... Ncd7 23. Bb1 Bc6 {[%cal Yc6a4]} 24.
b3 (24. O-O Bb5 25. Rfe1 e5 $11 {[%csl Rb1,Rh3]}) 24... e5 25. Bg3 Bb5 26. a4
Ba6 {[%csl Rb3][%cal Gc8c3]} 27. Nf2 Rc3 28. Bd3 (28. Nd3 $6 Rxb3 29. Nxe5 Nc5
$36 {[%csl Re1,Rg2][%cal Gb3b2,Gb2e2]}) 28... Bxd3 29. Rxd3 Rac8 $11) (20... e5
21. Bg3 a6 22. Be2 Ncd7 23. Nf2 Rc7 24. Nd3 Re8 $14) 21. Bxc6 Rxc6 22. Bd4 $14
{In this type of positions,White has a clear positional advantage because of a
strong bishop on the long diagonal a1-h8.} Nh7 $2 {What the knight has been
doing there?} (22... Kg7 $142 $1 23. Nf2 (23. O-O $143 Kg6) 23... Kg6 24. Ke2 (
24. h4 Rac8 {<->c}) 24... Rac8 25. Ke3 $14 {[%cal Yf2d3,Gd1c1]}) 23. Nf2 {
[%csl Rh6][%cal Yh2h4]} h5 ({Hardly it was better:} 23... f5 24. h4 {<->h} Rac8
25. hxg5 hxg5 26. Rh6 $16) 24. h4 $1 g4 25. fxg4 hxg4 26. Nxg4 $1 (26. Bxc5
$143 Rxc5 27. Nxg4 Rc4 28. Nf2 Nf6 29. e5 Nd5 $14) ({It deserves serious
attention:} 26. e5 $5 g3 27. Ng4 Nd3+ {[%csl Re1,Rh1][%cal Gc6c1]} 28. Ke2 Nf4+
29. Kf3 Nh5 30. Rc1 Rac8 31. Rxc6 Rxc6 32. Ne3 $16 {[%csl Rg3,Yh5][%cal Gf3g4,
Gg4h5,Yh5g3]}) 26... Nxe4 27. O-O {All White's pieces are located ideally.} Kf8
$2 {This move is connected to the elementary tactical miscalculation.} ({
It was necessary:} 27... f5 28. Nh6+ Kf8 29. g4 Rd8 30. gxf5 e5 31. Be3 Rxd1
32. Rxd1 Nhf6 33. Rc1 $1 Rxc1+ (33... Rd6 34. Rc7 Rd7 35. Rxd7 Nxd7 36. Kg2 $16
{[%cal Yg2f3,Yh6g4]}) 34. Bxc1 Kg7 35. Kg2 $16 {[%cal Yg2f3,Yh6g4]}) 28. Rxf7+
$1 Kxf7 29. Ne5+ {[%csl Rc6,Ge5,Rf7]} Ke8 30. Nxc6 $18 {The rest is a matter
of technique} Rc8 31. Nxa7 Rc2 32. Re1 Ng3 33. Bf2 (33. Rxe6+ $143 Kf7 {
[%csl Rb2,Rg1][%cal Gg3e2,Ge2d4,Yd4b2]}) 33... Ne2+ 34. Kf1 Nf4 35. g3 Nd3 ({
Immediately loses a game the following move:} 35... Rxf2+ 36. Kxf2 Nd3+ 37. Ke2
Nxe1 38. Kxe1 Nf6 39. Nc8 Nd5 40. Nd6+ Ke7 41. Ne4 $18) 36. Rxe6+ Kf7 37. Re2 {
[%csl Rb6,Ye2]} Rc1+ 38. Kg2 {The rest is easy without comments.} Nf6 39. Nb5
Ng4 40. Bxb6 Kg6 41. Nd4 Rb1 42. Nf3 Kf5 43. Bd4 Ra1 44. Bc3 1-0

[Event "ISR-ch"]
[Site "Ramat Aviv/Modiin"]
[Date "2000.12.17"]
[Round "1"]
[White "Postny, Evgeny"]
[Black "Psakhis, Lev"]
[Result "1/2-1/2"]
[WhiteElo "2434"]
[BlackElo "2611"]
[Annotator "Golod,V"]
[PlyCount "49"]
[EventDate "2000.12.17"]
[EventType "tourn"]
[EventRounds "11"]
[EventCountry "ISR"]
[EventCategory "11"]
[SourceTitle "CBM 081"]
[Source "ChessBase"]
[SourceDate "2001.03.20"]
[SourceVersion "1"]
[SourceVersionDate "2001.03.20"]
[SourceQuality "1"]

1. d4 Nf6 2. c4 e6 3. Nc3 Bb4 4. Qc2 O-O 5. a3 Bxc3+ 6. Qxc3 d6 7. Nf3 Nbd7 (
7... b6 $5 {See comments to Van Wely,L-Timman,J/ Breda,1998/CBM 65(1/2-1/2)
(Golod,V)(32)}) 8. e3 b6 9. Be2 Bb7 10. O-O Ne4 11. Qc2 f5 12. b4 Rf6 13. d5 {
[%mdl 4]} (13. Bb2 $6 Rg6 $15) 13... exd5 (13... Rh6 14. dxe6 Nf8 15. Nd4 $5 (
15. c5 $5 Nxe6 16. c6 Bc8 17. Bb2 Qe8 18. Nd2 (18. Rad1 Qh5 19. h3 N6g5 20.
Nxg5 Qxg5 21. Bf3 Qg6 22. Kh2 Be6 {1/2-1/2 Sokolov,I-Romanishin,O/YUG Cup f
Pula 1991 (22)}) 18... N6g5 19. Nxe4 fxe4 20. Qc3 $14 {1-0 Schandorff,
L-Johansson,J/Stockholm Rilton Cup 1997 (37)}) 15... Qh4 16. h3 $14) (13... e5
14. Nd2 Nxd2 15. Bxd2 c5 16. f4 Qf8 17. Bc3 $14 {1-0 Schandorff,L-Christensen,
T/Copenhagen,1996 (48)}) ({Black leaves with at least equal position after} 
13... Rg6 $1 14. dxe6 (14. Bb2 c5 $1 (14... Ng5 15. Nxg5 Qxg5 16. g3 Ne5 17. f4
Qh4 18. fxe5 Rxg3+ 19. Kh1 $16 {1-0 Schandorff,L-Karason,A/Nordic GP Torshavn
FAI 1997 (29)}) 15. Rfd1 Qe7 16. Bf1 Kh8 17. dxe6 Qxe6 18. Ne1 Ng5 19. Kh1 Rh6
20. Qc3 Qf7 21. f3 Rg8 22. Rd2 Qh5 23. h3 Ne5 {with strong initiative 0-1
Postny,E-Gershon,A/Ramat-Aviv/Modiin ISR 2000/The Week in Chess 320 (34)})
14... Nf8 15. c5 bxc5 16. bxc5 Nxc5 17. Qxf5 Nfxe6 18. Qc2 Be4 (18... Rxg2+ $5
19. Kxg2 Qg5+ 20. Kh1 Qf6 {[%csl Ra1,Rf3]} 21. Rg1 Rf8 (21... Bxf3+ 22. Bxf3
Qxf3+ 23. Rg2 Ne4 $44) 22. Rb1 Bxf3+ 23. Bxf3 Qxf3+ 24. Rg2 Ne4 $44) 19. Qd1
Qf6 20. Ra2 Rxg2+ 21. Kxg2 Qg6+ 22. Kh1 Rf8 23. Rg1 Qh5 24. Rg2 Rxf3 25. Rb2
Qf5 $44 {0-1 Schandorff,L-Yakovich,Y/Gistrup 1996 (41)}) 14. Bb2 ({Or} 14. cxd5
Bxd5 15. Nd4 c5 16. Bc4 Bxc4 17. Qxc4+ Kh8 18. Nxf5 Rxf5 19. Qxe4 Qf8 20. Bb2
Re8 21. Qc2 Ne5 $132 {1-0 Varga,P-Fancsy,I/Paks U20 boys 1994 (50)}) 14... Rh6
$5 $146 {[%mdl 8]} ({Equal position also after} 14... Rf7 15. Rad1 c5 16. cxd5
Qe7 17. Qb3 Ndf6 18. Ne1 h6 19. g3 (19. f3 $132) 19... Ng5 20. h4 Nge4 21. Ng2
g5 $132 {1/2-1/2 Donchenko,A-Kiselev,S/Moscow Tal ,EXT 1992 (43)}) 15. cxd5
Bxd5 16. Bc4 $1 $44 {White now had to play for draw.} (16. Rad1 $143 $6 Be6 $15
(16... c6 17. Nd4 Qh4 18. h3 Rg6 19. Nxf5 Qg5 20. Bg4 $16)) 16... Bxc4 17.
Qxc4+ Kh8 18. Qf7 Ndf6 $8 19. Rac1 c5 (19... Rc8 $6 20. Rc6 $1 $14 {[%csl Rc7]
[%cal Gf1c1]}) 20. Rfd1 Qe8 21. Qb7 $1 Qb8 22. Qe7 $1 Qf8 23. Qb7 Qb8 24. Qe7
Qe8 25. Qb7 {Black can't imrove his position,white also had to agree to draw.}
1/2-1/2

[Event "RUS-chT 12th"]
[Site "Sochi"]
[Date "2005.04.20"]
[Round "2"]
[White "Najer, Evgeniy"]
[Black "Smirnov, Pavel"]
[Result "0-1"]
[WhiteElo "2615"]
[BlackElo "2624"]
[Annotator "Golod,V"]
[PlyCount "134"]
[EventDate "2005.04.19"]
[EventType "team-tourn"]
[EventRounds "11"]
[EventCountry "RUS"]
[SourceTitle "EXT 2020"]
[Source "ChessBase"]
[SourceDate "2019.10.17"]
[SourceVersion "1"]
[SourceVersionDate "2019.10.17"]
[SourceQuality "1"]
[WhiteTeam "Saransk TPS"]
[BlackTeam "Tomsk 400"]
[WhiteTeamCountry "RUS"]
[BlackTeamCountry "RUS"]

1. d4 Nf6 2. c4 e6 3. Nc3 Bb4 4. Qc2 O-O 5. a3 Bxc3+ 6. Qxc3 b6 7. Bg5 Bb7 8.
e3 d6 9. Ne2 Nbd7 10. Qd3 {This continuation became popular in last time after
game Kasparov,G -Grischuk,A/EUCuo 19th, Rethymnon,2003.} Ba6 11. Nc3 d5 12. Qd1
{Another possibility in this position is:} (12. Qc2 dxc4 $5 {You can see my
comments to Berkes,F-Beliavsky,A/Paks,2004/CBM 102(1/2-1/2)(28)} (12... Bxc4
13. Bxc4 dxc4 14. Qa4 {with position from game.})) 12... Bxc4 13. Bxc4 dxc4 14.
Qa4 h6 15. Bh4 c5 16. Qxc4 cxd4 17. Qxd4 {With rearrangement of moves we
receive a position from a game Dreev,A - Kulaots,K/Moscow 2004/CBM 100(1-0)
(Golod,V)(37) ; that was continued 17...Nc5?!} Qc7 $5 (17... g5 $5 {was also
checked:} 18. Bg3 Nc5 19. Rd1 (19. h4 $143 Nfe4 20. Nxe4 Qxd4 21. exd4 Nxe4 $11
{Onischuk,A-Grischuk,A/Poikovsky,2004(1/2-1/2)(25)}) 19... Qxd4 20. Rxd4 Rfd8
21. h4 Rxd4 22. exd4 Ncd7 23. hxg5 hxg5 24. Ke2 {+/=/= Dreev,A-Timman,J/
Reykjavik,2004(1-0)(40)}) 18. O-O Rfc8 19. Rfd1 Qc4 $11 20. Bg3 $146 {A
logical move. The Bishop is useless on the h4-d8 diagonal and White puts him
on the diagonal h2-b8 with a few more options. It's not so easy to decide if
this move was much better than:} (20. f3 Qxd4 21. Rxd4 Ne5 22. e4 Nh5 23. Bg3 (
23. Be1 $143 Nf4 24. Rad1 Nc4 25. g3 Ng6 26. Rb1 Nge5 27. Kf2 Rd8 $36 {
Beliavsky,A-Grischuk,A/Tripoli,2004(1/2-1/2)(50)}) 23... Nxg3 24. hxg3 Kf8 $11
{Van Wely,L-Ivanchuk,V/Monte Carlo,2004(1/2-1/2)(50)}) 20... Qb3 {Here Black
has an interesting manoeuvre with his knight:} (20... Qxd4 $5 21. Rxd4 Nc5 22.
Rad1 Nb3 {[%csl Rc4][%cal Gb3a5,Ga5c4]}) 21. Qb4 $6 {Doubtful decision. In my
opinion White has good play with queens on the board:} (21. Rd2 $142 Rc4 22.
Qd6 Rac8 23. Rad1 $14) 21... Qxb4 {Maybe better was:} (21... Nc5 $5) 22. axb4
a5 {Prevented fixation of queenside's pawns on black squares after 23.b5. In
this way Black also guaranteed the point c5 for his knight.} 23. b5 {By this
move Evgeny Najer demonstrated his desire to play for win. A more peaceful
continuation was:} (23. bxa5 Rxa5 (23... bxa5 $144 {[%cal Gd7b6,Gb6c4]}) 24. f3
(24. Rxa5 bxa5 25. Ra1 Nc5 26. Rxa5 Nd3 27. Rb5 Nxb2 28. Rxb2 Rxc3 $11) 24...
Rxa1 25. Rxa1 Rc4 $11) {After the fixation of black's pawn on b6 White will
aspire to use his bishop. Besides Black have certain problems with
coordination of his pieces.} 23... Rc4 24. f3 Rb4 25. Ra2 (25. Rd2 $143 Nc5 26.
Rad1 Nd5 27. Nxd5 exd5 28. Be5 (28. Rxd5 $6 Rxb2 29. Bc7 Rxb5 30. Bxb6 Rxb6 31.
Rxc5 a4 $17) 28... Na4 29. Ra1 f6 30. Bd4 Rc8 $15) 25... a4 26. Bd6 {I don't
think, that White can pretend to much after:} (26. Rd6 $143 Rb3 27. e4 (27.
Rxa4 Rxa4 28. Nxa4 Rxb5 29. e4 Rb4 30. Nc3 Nc5 $11) 27... a3 28. Nd1 (28. e5
$143 Nd5 $1 29. Rxd7 Rxb2 30. Rxd5 $8 exd5 31. Bf2 Ra5 $1 $15) 28... Rxb5 29.
Rxa3 (29. bxa3 Nc5 $11) 29... Rxa3 30. bxa3 Rb1 $11) 26... Nc5 (26... Rb3 $143
27. e4 Nc5 28. Bxc5 bxc5 29. Rd6 $14) 27. Bxc5 bxc5 28. e4 $14 {Finally White
receives advantage thanks to his better pawn structure and rook on the open
d-file.} Ne8 {Preventing white's rook to go to d6.} (28... Rb3 $2 29. Rd6 a3
30. Ra6 $16) (28... Kf8 $6 29. Rd6 Ke7 30. Rc6 Nd7 31. Ra6 $14) 29. Rd7 Rb3 {
[%cal Ga4a3]} 30. Rxa4 Rxa4 31. Nxa4 Rxb5 32. Rd2 $6 {The best option was:} (
32. Rd8 Kf8 33. Rc8 Rb4 34. Nxc5 Rxb2 35. e5 $14 {But, frankly speaking, I
think that Black can keep this position. Apparently Evgeniy Najer thought in
such way, therefore he chose another continuation. The only problem, that
arises after the following move is that Black is completely O.K.}) 32... c4 $11
33. Nc3 Rb7 34. Kf2 Kf8 35. Ke2 Ke7 {Both sides moved their kings near to the
centre.} 36. Kd1 Nc7 37. Kc1 Na6 38. Rd4 Rb4 39. Na2 Ra4 40. Kb1 {Keeping on
his strategy to play for a win. After:} (40. Nc3 Rb4 (40... Ra1+ $143 41. Kd2
Rg1 42. g4 Rg2+ 43. Ne2 Rxh2 44. Rxc4 $14) 41. Na2 Ra4 42. Nc3 Rb4 {Black
could force a draw.}) 40... Nc5 41. Nc3 $6 {A blunder, that leads to
unpleasant position. But anyway black's position is preferable here.} (41. Nc1
$142) {[%tqu "En","Find the best continuation for Black?","","","a4a1",
"Unexpected surprise.",10]} 41... Ra1+ $1 {An unexpected surprise.} 42. Kxa1
Nb3+ 43. Ka2 Nxd4 $15 {In this ending Black has a clear advantage thanks to
his active knight.} 44. Ka3 {Passive defence is not in favor of White.
According to the rules of endgame, he prefers to activate his king.} (44. Kb1
$143 Kd6 $15) 44... Nc2+ 45. Ka4 Ne1 46. Kb5 Nxg2 47. Kxc4 Ne1 48. f4 Nf3 49.
h3 g5 50. fxg5 {It was good moment to turn to defence:} (50. Ne2 $5 Kd6 (50...
gxf4 $144 51. Nxf4 Kd6 52. Kd3) 51. Kd3 gxf4 52. Nxf4 Ng5 53. h4 Nf3 54. h5
Ne5+ 55. Ke2 $11) 50... Nxg5 51. h4 {Unfortunately for White, an attempt to
run with his passed b-pawn seems inadequate:} (51. Kc5 $2 Nxh3 52. b4 Kd7 (
52... h5 $2 53. Kc6 Ng5 54. b5 Kd8 55. b6 Kc8 56. Na2 Nf3 57. b7+ Kb8 58. Nb4
Ne5+ 59. Kb6 Nc4+ 60. Ka6 Ne5 61. Kb6 $11) 53. b5 Ng5 54. Kb6 f5 (54... h5 $5)
55. exf5 exf5 56. Nd5 Ne4 $17) 51... Nf3 52. h5 (52. b4 $143 Nxh4 53. Kb5 Nf3
54. Kc6 h5 55. b5 Ne5+ 56. Kc7 Nc4 $19) 52... Ne5+ 53. Kb5 $2 {It seems, that
Evgeny Najer missed the plan of his opponent.} (53. Kd4 $5 {leads to equality.}
) {[%tqu "En","White's previous move was a blunder. Can you explain why?","",
"","e7f6","Brilliant idea. Black sacrifice his knight for passed pawn 'b' and
go with king to pawn 'h'. Surprisingly White is hopeless here.",10]} 53... Kf6
$1 {Brilliant idea. Black sacrifices his knight for the passed b-pawn and go
with king to the h-pawn. Surprisingly White is hopeless here.} 54. b4 {Maybe
it was better to go back:} (54. Kc5 Nd3+ 55. Kd4 Nxb2 {-/+/-+}) 54... Kg5 $19
55. Kc5 Nd3+ 56. Kc4 Nxb4 57. Kxb4 Kxh5 58. Kc4 Kg4 59. Kd4 Kf3 60. e5 h5 61.
Ne4 {White needs to return his knight for passed pawn "h". But after this
exchange the pawn's ending is lost for him.} h4 62. Ng5+ Kg2 63. Ke3 h3 64. Ne4
h2 65. Nf2 h1=Q 66. Nxh1 Kxh1 67. Kf4 Kh2 (67... Kh2 68. Kg5 Kg3 69. Kf6 Kf4 {
[%csl Re5][%cal Gf4e5] and so on.}) 0-1

[Event "Hastings 0001 76th"]
[Site "Hastings"]
[Date "2001.01.04"]
[Round "7"]
[White "Bischoff, Klaus"]
[Black "Speelman, Jonathan S"]
[Result "1-0"]
[WhiteElo "2556"]
[BlackElo "2623"]
[Annotator "Golod,V"]
[PlyCount "61"]
[EventDate "2000.12.29"]
[EventType "tourn"]
[EventRounds "9"]
[EventCountry "ENG"]
[EventCategory "12"]
[SourceTitle "CBM 081"]
[Source "ChessBase"]
[SourceDate "2001.03.20"]
[SourceVersion "1"]
[SourceVersionDate "2001.03.20"]
[SourceQuality "1"]

1. d4 Nf6 2. c4 e6 3. Nc3 Bb4 4. Qc2 d6 {This variation idea is to place black
PP on black squares in view of eventual Bb4 exchange.} 5. e3 (5. Bg5 $5 {
See comments to Ivanov,S-Chepukaitis,G/St. Petersburg,2000/CBM 77 (0-1)(Golod,
V)(60)}) 5... O-O 6. Bd3 c5 $1 {Good decision!} ({In this positions black
played also:} 6... e5 $6 7. Nge2 (7. Bd2 Re8 8. d5 c6 $11 {1/2-1/2 Menyhart,
T-Emodi,B/Debrecen Jubileum-C 1993/ (22)}) 7... Nc6 (7... Qe7 8. O-O Bxc3 9.
Nxc3 c6 10. Bd2 Nbd7 11. f3 $14 {1-0 Pisulinski,J-Kluss,K/Lublin B 1993 (39)})
8. d5 $1 {After this move White leaves with space advantage.} (8. O-O Bxc3 9.
bxc3 Qe7 10. f3 b6 $132 {1-0 Marini-Luckis/Mar del Plata 1947/ (53)}) (8. Bd2
Ba5 9. O-O exd4 10. exd4 Bb6 11. Nd5 Nxd4 12. Nxd4 Bxd4 13. Nxf6+ Qxf6 14.
Bxh7+ Kh8 $11 {1/2-1/2 Marinelli,T-Bischoff,K/Mitropa Cup ITA-GER 1991 (30)})
8... Ne7 9. O-O Bxc3 10. Nxc3 $14 {1/2-1/2 Alatortsev,V-Zita,F/Moscow-Prague
1946/ (38)}) (6... Bxc3+ 7. Qxc3 e5 8. dxe5 (8. Ne2 $14) 8... dxe5 9. Ne2 e4
10. Bc2 Qe7 11. b3 $14 {1/2-1/2 Koblentz,A-Chekhover,V/Moscow ch-URS 1945 (37)}
) (6... b6 7. Nge2 Bb7 8. O-O Nbd7 9. e4 (9. a3 Bxc3 10. Nxc3 c5 11. b4 Qe7 12.
Bb2 Rac8 $132 {0-1 Shamkovich,L-Kaplan,J/Lone Pine op 1979 (87)}) 9... Bxc3 10.
Nxc3 $14 {1-0 Barbero,G-Rashkovsky,N/Bozen op 1992/(29)}) (6... Nbd7 7. Nge2 c5
8. O-O b6 9. b3 Bb7 10. Rd1 cxd4 11. exd4 Bxc3 (11... d5 $132) 12. Nxc3 a6 13.
Ba3 $14 {1-0 Marinelli,T-Iannaccone,E/Rome 1994 (73)}) 7. dxc5 ({Black is able
to equlize after:} 7. Nge2 Nc6 $5 8. O-O h6 (8... Qe7 9. Bd2 Bd7 10. a3 Ba5 11.
f4 $132 {1-0 Marinelli,T-Bogdanovski,V/San Benedetto 1990 (62)}) 9. a3 Ba5 10.
h3 Bc7 11. Nb5 (11. f4 $6 cxd4 12. exd4 Bb6 13. Be3 e5 14. Nb5 e4 15. Bxe4 Re8
16. Ng3 Nxe4 17. Nxe4 Bf5 18. Nbxd6 Bxe4 19. Nxe4 Qe7 $19 {0-1 Kakageldiev,
A-Kortchnoi,V/Leningrad 1969 (37)}) 11... Bb6 $1 $132 (11... cxd4 12. Nxc7 Qxc7
13. exd4 $14)) 7... d5 $5 $146 ({Why not} 7... dxc5 8. Nf3 Nc6 {and black can
see his future in blue colours.} 9. O-O Bxc3 10. Qxc3 e5 11. Nd2 Qe7 12. Ne4
Bf5 $1 $11 {0-1 Averbakh,Y-Kholmov,R/USSR (ch) 1970/Inf 10/ (21)}) 8. Nf3 Nc6 (
{Or} 8... dxc4 9. Bxc4 Nbd7 10. c6 $1 (10. O-O Qe7 11. e4 Qxc5 $11) 10... bxc6
11. O-O $14) 9. O-O Bxc5 10. a3 Qe7 (10... d4 $6 11. exd4 Nxd4 12. Nxd4 Bxd4
13. Nb5 Be5 14. Rd1 Bd7 15. Bg5 $14) ({Worth of attention also:} 10... dxc4 $5
11. Bxc4 Qe7 12. Rd1 Rd8 $132 {with further position simplification.}) 11. b4 (
11. cxd5 exd5 12. b4 $14 (12. e4 $5 dxe4 13. Nxe4 Nxe4 14. Bxe4 $14)) 11... Bb6
12. Bb2 Bd7 $2 ({Much better was:} 12... dxc4 13. Bxc4 Rd8 14. Rfd1 a6 (14...
Bd7 15. Na4 Bc7 16. Nc5 $14) 15. Rxd8+ Bxd8 16. Rd1 Bc7 (16... b5 17. Bd3 Bb7
18. Ne4 $16) 17. Ne4 $14) 13. c5 (13. cxd5 exd5 14. Na4 {+/=/+/-}) 13... Bc7
14. e4 ({Quite well was also} 14. Nb5 $1 {[%csl Rf6,Rh7][%cal Gb2f6,Gd3h7]} Bb8
15. Bxf6 Qxf6 16. Bxh7+ Kh8 17. Bd3 $16 {with P up.}) 14... dxe4 15. Nxe4 Nxe4
16. Bxe4 f5 (16... h6 17. b5 Nd8 18. c6 bxc6 19. bxc6 $16) 17. Bd3 {+/=/+/-} a6
({Or} 17... e5 18. b5 Nd8 19. Bxe5 $1 Bxe5 20. Rae1 Nf7 (20... Bxh2+ 21. Kxh2
$16) 21. Nxe5 Nxe5 22. f4 Nf3+ 23. gxf3 Qf6 24. Re5 $16) 18. Rfe1 {[%csl Re5]}
Kh8 ({Black had to forget} 18... e5 {promotion:} 19. Nxe5 Nxe5 20. f4 Nf3+ 21.
gxf3 $18 {[%cal Gc2g2]}) 19. Ne5 $1 {[%csl Rd7,Re6]} Nxe5 20. Bxe5 Bxe5 21.
Rxe5 Bc6 22. Rae1 {[%csl Re6]} Qg5 (22... Rf6 23. Bxf5 $18) 23. Be4 $1 a5 $2
$18 (23... Bxe4 24. R1xe4 Rae8 25. Rd4 $16) 24. Bxc6 bxc6 25. Rxe6 {[%csl Rc6]}
axb4 26. axb4 f4 27. Qe4 f3 28. g3 Qd2 29. h4 h6 30. Qxc6 Qc3 (30... Qxb4 {
[%tqu "En","?","","","e6h6","",10]} 31. Rxh6+ gxh6 32. Qxh6+ Kg8 33. Qg6+ Kh8
34. Re7 $18) 31. Re8 1-0